000 00242nam a2200109Ia 4500
008 221009s9999 xx 000 0 und d
082 _a823/KOT
100 _aKhothari, Rajni
_911460
245 0 _aMemoirs
260 _bRupa & Co.,
942 _cBK
999 _c64852
_d64852